| 000 | 00000nam##2200000za#4500 |
| 001 | 9.575291 |
| 003 | CaOODSP |
| 005 | 20210929082754 |
| 007 | cr ||||||||||| |
| 008 | 150406|2002||||xxc|||||o f|0| 0 eng|d |
| 040 | |aCaOODSP|beng |
| 043 | |an-cn--- |
| 086 | 1 |aFo29-47/27-2002E-PDF |
| 110 | 1 |aCanada. |bNatural Resources Canada. |bCanadian Forest Service. |
| 245 | 10|aWRS-Canada - integration of the Landsat WorldWide Referencing System with ecological, geographical and demographic data|h[electronic resource]|c[by] Mike Wulder, David Seemann and Brian Low. |
| 260 | |aVictoria - British Columbia : |bNatural Resources Canada. |c2002. |
| 300 | |a6p.|bfigs. (some coloured), references |
| 490 | 1 |aTechnology transfer note|vNo. 27, October 2002 |
| 500 | |aN.B.: Incorrect ISBN (0-662-32987-X) printed in this publication. |
| 500 | |aThe catalogue number and ISSN for the print edition appear in this electronic version. |
| 590 | |a12-40-Supp|b2012-10-23 |
| 690 | 07|aReforestation|2gcpds |
| 690 | 07|aModel forests|2gcpds |
| 690 | 07|aForest management|2gcpds |
| 720 | 1 |aWulder, Mike |
| 720 | 1 |aSeemann, David |
| 720 | 1 |aLow, Brian |
| 775 | 08|tWRS-Canada - intégration du système de référence mondial (Worldwide Referencing System) de Landsat avec des données écologiques, géographiques et démographiques|w(CaOODSP)9.604833 |
| 776 | 0#|tWRS-Canada - integration of the Landsat WorldWide Referencing System with ecological, geographical and demographic data|w(CaOODSP)9.616132 |
| 830 | #0|aTechnology transfer note ;|vNo. 27, October 2002|w(CaOODSP)9.504768 |
| 856 | 40|ahttp://publications.gc.ca|qPDF|s922 KB|uhttps://publications.gc.ca/collections/collection_2012/rncan-nrcan/Fo29-47-27-2002-eng.pdf|yNo. 27, October 2002 |